The monkey and the turtle / (Record no. 21966)

000 -LEADER
fixed length control field 00484nam a22001577a 4500
003 - CONTROL NUMBER IDENTIFIER
control field OSt
005 - DATE AND TIME OF LATEST TRANSACTION
control field 20260126144248.0
008 - FIXED-LENGTH DATA ELEMENTS--GENERAL INFORMATION
fixed length control field 260126t2023 xxua|||| |||| 00| 0 eng d
020 ## - INTERNATIONAL STANDARD BOOK NUMBER
International Standard Book Number 9789055647279
040 ## - CATALOGING SOURCE
Transcribing agency csu
100 ## - MAIN ENTRY--PERSONAL NAME
Personal name Agbayani-Pastor, Boots S.
Relator term author.
245 ## - TITLE STATEMENT
Title The monkey and the turtle /
Statement of responsibility, etc Boots S. Agbayani-Pastor.
260 ## - PUBLICATION, DISTRIBUTION, ETC. (IMPRINT)
Place of publication, distribution, etc Quezon City, Philippines:
Name of publisher, distributor, etc Lampara Publishing House, Inc.,
Date of publication, distribution, etc c2023.
300 ## - PHYSICAL DESCRIPTION
Extent [unnumbered pages]:
Other physical details illustrations.
942 ## - ADDED ENTRY ELEMENTS (KOHA)
Source of classification or shelving scheme
Koha item type Books
Holdings
Price effective from Permanent Location Date last seen Not for loan Date acquired Source of classification or shelving scheme Koha item type Lost status Withdrawn status Copy number Source of acquisition Materials specified (bound volume or other part) Collection code Damaged status Barcode Shelving location Current Location Full call number
2026-01-26Cagayan State University - Carig Library2026-01-26 2026-01-26 Books  1Donations2026-01-22Children Section  C001004 Children SectionCagayan State University - Carig LibraryCS C1004 A264 2023
2026-01-20Cagayan State University - Carig Library2026-01-26 2026-01-26 Books  2Donation Children Section C001025Children SectionCagayan State University - Carig LibraryCS C1025 A264 2023

Cagayan State University University Library, Carig Campus
Tuguegarao City, Cagayan 3500 | www.csucarig.edu.ph

Powered by Koha